Pays belligérants de la quatrième coalition - Statistiques

Statistiques générales
  • Ce quiz a été pris 17 fois
  • Le résultat moyen est 12 sur 17
Statistiques - réponses
Pays % Correct
Coalition 1806-1807 Empire russe
100%
Alliés 1806-1807 Royaume d'Espagne
100%
Coalition 1806-1807 Royaume-Uni
100%
Alliés 1806-1807 Empire français
88%
Alliés 1806-1807 Royaume de Hollande
88%
Coalition 1806-1807 Royaume de Suède
88%
Coalition 1806-1807 Royaume de Prusse
82%
Alliés 1806-1807 Royaume d'Italie
82%
Alliés 1806-1807 Suisse
71%
Alliés 1806-1807 Royaume de Naples
65%
Coalition 1806-1807 Royaume de Sicile
65%
Alliés (Ensemble d'états satellite de la France) 1806-1807 Confédération du Rhin
59%
Alliés 1806-1807 Légion belge
53%
Alliés 1806-1807 Légion irlandaise
35%
Coalition 1806-1807 Royaume de Saxe
29%
Alliés (Royaume satellite de l'Espagne) 1806-1807 Royaume d'Étrurie
29%
Coalition 1806-1806 Duché de Brunswick-Lunebourg
18%
Aucun quiz correspondant
Distribution des résultats
% des personnes avec chaque résultat
Percentile par nombre de réponses
Votre historique - résultats
Vous n’avez pas pris ce quiz